000 00306nam a2200145Ia 4500
100 _aMacbeth/George
650 _aGeneral
942 _cBK
654 _aKind Of Treason
245 _aA Kind Of Treason
260 _bCoronet Books
_aLondon
_c1983
082 _a823.9
300 _a239
546 _aENGLISH
999 _c21972
_d21972